Poder del sueño. Relatos antiguos y modernos

Saved in:
Bibliografiske detaljer
Hovedforfatter: Caillois, Roger (editor y prólogo)
Format: Ukendt
Sprog:engelsk
Udgivet: Girona, España. Atalanta, 2020
Serier:Ars Brevis Atalanta; 138
Fag:
Tags: Tilføj Tag
Ingen Tags, Vær først til at tagge denne postø!

MARC

LEADER 00000 a2200000 4500
003 CL-VaPUC
005 20211007160023.0
008 210722b2020 ||||| |||| 00| 0 eng d
999 |c 433349  |d 433347 
020 |a 9788412074383 
040 |c Pontificia Universidad Católica de Valparaíso 
082 |a 808.83 CAI 2020 
100 1 |a Caillois, Roger  |9 862146  |e editor y prólogo 
245 1 |a Poder del sueño.  |b Relatos antiguos y modernos  
260 |a Girona, España.   |b Atalanta,  |c 2020 
300 |a 474 páginas  
490 |a Ars Brevis Atalanta;  |v  138 
583 |k Cristina Rojas  |c 20210722 
650 0 |a Sueños en la literatura  |9 314592 
650 0 |a Sueños  |x Cuentos   |x Colecciones  |9 862351 
942 |2 ddc  |c BK 
952 |0 0  |1 0  |2 ddc  |4 0  |6 808_830000000000000_CAI_2020  |7 0  |8 A  |9 578500  |a BIBART  |b BIBART  |d 2021-07-28  |e 135  |g 36000.00  |i 5586607  |l 2  |o 808.83 CAI 2020  |p 5586607  |r 2025-03-13  |s 2023-08-31  |t 1  |v 36000.00  |w 2021-07-28  |y BK  |k ART